Fozzy 'Judas' Lyrics - Statistics

General Stats
  • This quiz has been taken 74 times
    61 since last reset
  • The average score is 293 of 367
Answer Stats
Answer % Correct
a
100%
I
100%
in
100%
the
97%
Judas
94%
mind
94%
my
94%
My
94%
You
94%
you
94%
and
88%
And
88%
become
88%
have
88%
on
88%
are
85%
away
82%
beautiful
82%
I'm
82%
inside
82%
becoming
79%
will
79%
all
76%
personified
76%
What
76%
betrayed
74%
down
74%
drag
74%
out
74%
cold
71%
December
71%
ever
71%
Is
71%
is
71%
life?
71%
life
71%
Now
71%
now
71%
of
71%
Run
71%
snow
71%
to
71%
am
68%
Everyone
68%
everyone
68%
I've
68%
like
68%
loved
68%
slave
68%
that
68%
them
68%
been
65%
darkness
65%
innocence
65%
pushed
65%
sell
65%
there
65%
There
65%
demons
62%
me
62%
save
62%
something
62%
left
59%
light
59%
by
56%
fight
56%
losing
56%
stone
56%
wreckage
56%
made
50%
path
50%
Embraced
47%
for
47%
this
47%
walk
47%
blood
41%
carved
41%
Encircled
41%
soul
41%
haunting
38%
take
38%
cross
35%
heavy
35%
each
32%
guilt
26%
step
26%
Oh
9%
No matching quizzes found
Score Distribution
Percent of People with Each Score
Percentile by Number Answered
Your Score History
You have not taken this quiz since the last reset